000 00432nam a2200169 a 4500
005 20140310183226.0
008 040305s19uu xx 00 eng d
020 _a0373244878
050 _aPR 1309
_b.G662 2002
100 _aGordon, Lucy
245 _aPrincess dottie /
_cLucy Gordon.
260 _aNew York :
_bSilhoutte book,
_c2002.
300 _a250 p. :
_c18 cm.
650 _aFiction
942 _cBK
_2lcc
999 _c20407
_d20407